|
|
|
|
| LEADER |
00000cas a2200000 a 4500 |
| 001 |
vtls011620580 |
| 003 |
SK-MaSNL |
| 005 |
20260228164439.0 |
| 008 |
170328d20172021xo mr pe 001 b0slo |
| 022 |
|
|
|a 2453-8078
|
| 040 |
|
|
|a SVKPO
|b slo
|c SVKPO
|d SNK
|e AACR2
|
| 041 |
0 |
|
|a slo
|
| 044 |
|
|
|a xo
|c SK
|
| 072 |
|
7 |
|a 351
|x Úlohy verejnej správy, správne opatrenia. Legislatíva
|2 konspekt
|
| 072 |
|
7 |
|a 347.7
|x Obchodné právo. Finančné právo. Právo priemyselného vlastníctva. Patentové právo. Autorské právo
|2 konspekt
|
| 080 |
|
|
|a 351.71
|2 2011
|
| 080 |
|
|
|a 347.7
|2 2011
|
| 080 |
|
|
|a 336.1
|2 2011
|
| 080 |
|
|
|a (051)-027.561
|2 2011
|
| 080 |
|
|
|a 050
|2 2011
|
| 210 |
0 |
|
|a VO kocke
|
| 222 |
|
0 |
|a VO v kocke
|
| 245 |
0 |
0 |
|a Verejné obstarávanie v kocke
|b odborný časopis o verejnom obstarávaní a eurofondoch
|
| 246 |
3 |
3 |
|a VO v kocke
|b odborný časopis o verejnom obstarávaní
|
| 260 |
|
|
|a Veľká Lehota
|b Adamas Alliance, s.r.o.
|c 2017-2021
|
| 300 |
|
|
|a 5 zv.
|c 21 cm
|
| 310 |
|
|
|a 1x mesačne
|
| 362 |
0 |
|
|a Roč. 1, č. 1/2 (febr./mar. 2017)-roč. 5, č. 3-4 (marec-apríl 2021)
|
| 500 |
|
|
|a Od č. 3-4/2018 zmena názvu na Verejné obstarávanie v kocke odborný časopis o verejnom obstarávaní a eurofondoch.
|
| 500 |
|
|
|a Evidenčné číslo: 5456/16
|
| 515 |
|
|
|a Od č. 11-12/2017 vychádza ako dvojčíslo
|
| 650 |
0 |
7 |
|a verejné obstarávanie
|2 SNKPH
|9 4221
|
| 650 |
0 |
7 |
|a Procurement
|2 SNKPHeng
|9 275962
|
| 655 |
|
7 |
|a odborné časopisy
|2 SNKPH
|9 70505
|
| 655 |
|
7 |
|a Professional journals
|2 SNKPHeng
|9 265007
|
| 856 |
4 |
1 |
|u https://www.vovkocke.sk
|
| 910 |
|
|
|a snk
|
| 910 |
|
|
|a svkpo
|
| 916 |
|
|
|a 2017-2019, 2020
|
| 999 |
|
|
|c 13643
|d 15573
|
| 952 |
|
|
|0 0
|1 0
|4 0
|7 0
|8 0
|a SNK
|b SNK
|d 2021-09-07
|f 1
|i snk2021/11820
|l 0
|o snkČSC 4111/4/2020
|p 17A1460421
|r 2026-02-21 19:29:52
|t č. jan.-dec.
|w 2026-02-21
|y PREZ
|
| 952 |
|
|
|0 0
|1 0
|4 0
|7 0
|8 0
|a SNK
|b SNK
|d 2023-07-25
|i snk2023/11266
|l 0
|o snkČSC 4111/3/2019 D1
|p 17A1521056
|r 2026-02-21 19:30:36
|t č. jan.-dec.
|w 2026-02-21
|y PREZ
|
| 952 |
|
|
|0 0
|1 0
|4 0
|7 0
|8 0
|a SNK
|b SNK
|d 2023-07-25
|i snk2023/11267
|l 0
|o snkČSC 4111/4/2020 D1
|p 17A1521057
|r 2026-02-21 19:30:36
|t č. jan.-dec.
|w 2026-02-21
|y PREZ
|
| 952 |
|
|
|0 0
|1 0
|4 0
|7 0
|8 0
|a SNK
|b SNK
|d 2023-07-25
|i snk2023/11268
|l 0
|o snkČSC 4111/5/2021
|p 17A1521058
|r 2026-02-21 19:46:50
|t č. jan.-apríl
|w 2026-02-21
|y PREZ
|
| 952 |
|
|
|0 0
|1 0
|4 0
|7 0
|8 0
|a SNK
|b SNK
|d 2023-07-25
|i snk2023/11271
|l 0
|o snkČSC 4111/5/2021 D1
|p 17A1521059
|r 2026-02-21 19:46:50
|t č. jan.-apríl
|w 2026-02-21
|y PREZ
|
| 952 |
|
|
|0 0
|1 0
|4 0
|7 0
|8 0
|a SNK
|b SNK
|d 2020-09-30
|f 1
|i snk2020/17442
|l 0
|o snkČSC 4111/1/2017
|p 17A1431566
|r 2026-02-21 22:16:19
|t č. 1-11, neúplné
|w 2026-02-21
|y PREZ
|z Chýba č. 1-2
|
| 952 |
|
|
|0 0
|1 0
|4 0
|7 0
|8 0
|a SNK
|b SNK
|d 2020-09-30
|f 1
|i snk2020/17444
|l 0
|o snkČSC 4111/2/2018
|p 17A1431567
|r 2026-02-21 22:16:19
|t č. jan.-dec.
|w 2026-02-21
|y PREZ
|
| 952 |
|
|
|0 0
|1 0
|4 0
|7 0
|8 0
|a SNK
|b SNK
|d 2020-09-30
|f 1
|i snk2020/17445
|l 0
|o snkČSC 4111/3/2019
|p 17A1431568
|r 2026-02-21 22:16:19
|t č. jan.-dec.
|w 2026-02-21
|y PREZ
|